| 000 | 00425nam a2200133 a 4500 | ||
|---|---|---|---|
| 020 | _a0534027857 (hardcover) | ||
| 020 | _a9780534027858 (hardcover) | ||
| 100 | 1 | _aPizzarello, Antonio. | |
| 245 | 1 | 0 | _aDevelopment and maintenance of large software systems / |
| 260 |
_aLondon _bLifetime Learning Pub, _c1984. |
||
| 300 | _a263 p. ; | ||
| 856 | 4 | 0 | _uhttp://www.amazon.com/exec/obidos/ASIN/0534027857/chopaconline-20 |
| 942 | _cBK | ||
| 999 |
_c14973 _d14973 |
||